African Countries by Colonial Name - Statistics

General Stats
  • This quiz has been taken 72 times
  • The average score is 13 of 18
Answer Stats
Hint Answer % Correct
Ruanda-Urundi Burundi
94%
French Somaliland Djibouti
88%
German Togoland Togo
86%
British Gold Coast Ghana
83%
British Southern Rhodesia Zimbabwe
82%
Tanganyika Tanzania
80%
Portuguese West Africa Angola
78%
German South-West Africa Namibia
78%
Portuguese East Africa Mozambique
77%
Transvaal Republic South Africa
75%
British Nigeria Niger
72%
Upper Volta Burkina Faso
71%
British East Africa Kenya
71%
British Nyasaland Malawi
71%
British Northern Rhodesia Zambia
63%
Ubangi-Shari Central African Republic
52%
French Equatorial Africa Gabon
49%
French Sudan Mali
42%
No matching quizzes found
Score Distribution
Percent of People with Each Score
Percentile by Number Answered
Your Score History
You have not taken this quiz